000 00412nam a2200145Ia 4500
008 151021s9999 xx 000 0 und d
020 _a9.7881203171e+012
050 _aHF5718.K 2000
245 _a_Effective Business Communication Ashal Kaul
260 _aNew Delhi PHI Learning 2009
300 _aviii,172p.:ill
500 _aincludes index
650 _a_Business
980 _a^d20101208 12:48:34^okorir
999 _c5542
_d5542